[Event "Rheinland Pfalz op 53th"]
[Site "Heimbach Weis"]
[Date "2025.06.19"]
[Round "1"]
[White "Winterberg, Lukas"]
[Black "Chua, Daniel James"]
[Result "1-0"]
[WhiteElo "2428"]
[BlackElo "1806"]
[PlyCount "71"]
[EventDate "2025.06.19"]
[EventType "swiss"]
[EventRounds "7"]
[EventCountry "GER"]
[SourceTitle "CB26_2025"]
[SourceDate "2025.06.25"]
[SourceVersion "1"]
[SourceVersionDate "2025.06.25"]
[SourceQuality "1"]

1. d4 Nf6 2. Nf3 e6 3. c4 Bb4+ 4. Bd2 Qe7 5. g3 Nc6 6. Bg2 0-0 7. 0-0 d5 8. a3 Bxd2 9. Nbxd2 Rd8 10. e3 b6 11. cxd5 Nxd5 12. Qc2 Bb7 13. Rac1 Rac8 14. Rfd1 e5 15. e4 Nf6 16. d5 Nb8 17. Nc4 Nbd7 18. Bh3 Ba6 19. Ne3 g6 20. b4 Bb7 21. b5 Rb8 22. Bxd7 Nxd7 23. Qb2 Rbc8 24. Rxc7 Rxc7 25. d6 Qe6 26. dxc7 Rc8 27. Qc3 Nc5 28. Rd8+ Kg7 29. Rxc8 Bxc8 30. Qxe5+ Qxe5 31. Nxe5 Nxe4 32. N3c4 Kf6 33. Nc6 a6 34. Nxb6 Nd6 35. Nxc8 Nxc8 36. bxa6 1-0

[Event "GER-ch U12"]
[Site "Willingen"]
[Date "2024.05.21"]
[Round "4"]
[White "Chua, Daniel James"]
[Black "Li, Yunqi"]
[Result "0-1"]
[WhiteElo "1751"]
[BlackElo "1940"]
[PlyCount "76"]
[EventDate "2024.05.19"]
[EventType "swiss"]
[EventRounds "9"]
[EventCountry "GER"]
[SourceTitle "CBM 220 Extra"]
[Source "ChessBase"]
[SourceDate "2024.07.31"]
[SourceVersion "1"]
[SourceVersionDate "2024.07.31"]
[SourceQuality "1"]

1. e4 e6 2. d4 d5 3. e5 c5 4. c3 Nc6 5. Nf3 Bd7 6. Be2 f6 7. 0-0 fxe5 8. Nxe5 Nxe5 9. dxe5 Qc7 10. Re1 0-0-0 11. Bf1 Nh6 12. a4 Nf7 13. Bf4 Be7 14. Na3 Kb8 15. b4 c4 16. Nb5 Bxb5 17. axb5 b6 18. Ra6 h5 19. Qa4 Bg5 20. Bxg5 Nxg5 21. Qc2 Rh6 22. Rea1 Rd7 23. f4 Nf7 24. Be2 Qd8 25. Qa4 Qc7 26. Qd1 Qd8 27. Qa4 Qc7 28. g3 g5 29. h4 gxh4 30. gxh4 Rg6+ 31. Kh2 Nxe5 32. Rf1 Rdg7 33. Rf2 Ng4+ 34. Bxg4 Rxg4 35. Kh3 Rxf4 36. Qc2 Rxh4+ 37. Kxh4 Qg3+ 38. Kxh5 Qg5# 0-1

[Event "Bayern-chI Bank Hofmann 26th"]
[Site "Tegernsee"]
[Date "2023.10.30"]
[Round "3"]
[White "Linster, Philippe"]
[Black "Chua, Daniel James"]
[Result "1-0"]
[WhiteElo "2303"]
[BlackElo "1446"]
[PlyCount "117"]
[EventDate "2023.10.28"]
[EventType "swiss"]
[EventRounds "9"]
[EventCountry "GER"]
[SourceTitle "CBM 217 Extra"]
[Source "ChessBase"]
[SourceDate "2024.01.31"]
[SourceVersion "1"]
[SourceVersionDate "2024.01.31"]
[SourceQuality "1"]

1. d4 Nf6 2. Nf3 g6 3. g3 Bg7 4. Bg2 0-0 5. 0-0 d6 6. Nc3 Re8 7. a4 Nbd7 8. a5 a6 9. e4 e5 10. dxe5 Nxe5 11. Nxe5 dxe5 12. Qxd8 Rxd8 13. Bg5 Re8 14. Rfd1 Be6 15. Na4 h6 16. Be3 Rad8 17. Nc5 Bc8 18. f3 Nd7 19. Nb3 Nb8 20. Bf1 Nc6 21. c3 Bf8 22. Bc4 Be6 23. Bxe6 Rxd1+ 24. Rxd1 Rxe6 25. Nc5 Bxc5 26. Bxc5 Re8 27. Rd7 Rd8 28. Rxc7 Rd1+ 29. Kf2 Rd2+ 30. Ke3 Rxb2 31. Bb6 Rb5 32. Kd3 Rb2 33. Kc4 Kg7 34. Kc5 Nd8 35. Rd7 Nc6 36. Kd6 Rc2 37. Rxb7 Rxc3 38. Rc7 Nd4 39. Rxc3 Nb5+ 40. Kxe5 Nxc3 41. Kd6 Kf8 42. Kd7 g5 43. Bc5+ Kg8 44. Kc6 g4 45. fxg4 Nxe4 46. Be3 Kg7 47. Kb6 Nd6 48. Kxa6 Nc4 49. Bf4 Kg6 50. Kb5 Nxa5 51. Kxa5 h5 52. gxh5+ Kxh5 53. Kb5 Kg4 54. h4 f5 55. Kc5 Kh5 56. Kd5 Kg4 57. Ke5 Kh5 58. Kf6 Kg4 59. Kg6 1-0

[Event "GER-ch U10"]
[Site "Willingen"]
[Date "2023.05.31"]
[Round "6"]
[White "Chua, Daniel James"]
[Black "Aguike, Toshiya"]
[Result "1/2-1/2"]
[WhiteElo "1433"]
[BlackElo "1490"]
[PlyCount "221"]
[EventDate "2023.05.27"]
[EventType "swiss"]
[EventRounds "11"]
[EventCountry "GER"]
[SourceTitle "CBM 214 Extra"]
[Source "ChessBase"]
[SourceDate "2023.07.31"]
[SourceVersion "1"]
[SourceVersionDate "2023.07.31"]
[SourceQuality "1"]

1. e4 e5 2. Nf3 Nc6 3. d4 exd4 4. Nxd4 Bc5 5. Nb3 Bb6 6. Nc3 h6 7. Bc4 a5 8. a4 Nf6 9. 0-0 d6 10. h3 0-0 11. Bf4 Be6 12. Bxe6 fxe6 13. Qd2 e5 14. Be3 Nh5 15. Bxb6 cxb6 16. Qe3 Nb4 17. Rac1 Nf4 18. Ne2 Qg5 19. Nxf4 exf4 20. Qf3 Nc6 21. Qg4 Qe7 22. Qe2 f3 23. gxf3 Rf4 24. Kh2 Raf8 25. Nd2 Ne5 26. Rg1 Nxf3+ 27. Nxf3 Rxf3 28. Rcf1 Qh4 29. Rg3 Qh5 30. Kh1 R8f4 31. Rfg1 g5 32. R1g2 Qf7 33. Kg1 Kf8 34. Rxf3 Rxf3 35. Rg3 Rxg3+ 36. fxg3 Ke7 37. Qf2 Qe6 38. Qf5 Qc4 39. Qh7+ Ke8 40. Qxb7 Qxc2 41. Qxb6 Qxe4 42. Qxd6 Qb1+ 43. Kf2 Qxb2+ 44. Ke1 Qc3+ 45. Kf2 Qc2+ 46. Ke1 Qe4+ 47. Kf2 Qf5+ 48. Kg2 Qe4+ 49. Kf2 Qxa4 50. Qe6+ Kd8 51. Qxh6 Qd4+ 52. Kf3 Qd1+ 53. Kf2 Qd2+ 54. Kf1 Qc1+ 55. Kf2 Qc5+ 56. Kf3 Qf5+ 57. Kg2 Kd7 58. Qg7+ Kc6 59. Qc3+ Qc5 60. Qf6+ Kb5 61. Qb2+ Kc4 62. Qc2+ Kd5 63. Qd3+ Qd4 64. Qb5+ Qc5 65. Qd3+ Kc6 66. Qa6+ Kd7 67. Qb7+ Kd6 68. Qb8+ Kd5 69. Qb3+ Kd4 70. Qb2+ Kd3 71. Qb3+ Kd2 72. Qa2+ Kd3 73. Qb3+ Kd4 74. Qb2+ Kd5 75. Qb3+ Kc6 76. Qe6+ Kb7 77. Qd7+ Ka6 78. Qe6+ Ka7 79. Qd7+ Kb8 80. Qd8+ Kb7 81. Qd7+ Kb6 82. Qd8+ Kb5 83. Qd3+ Ka4 84. Qd1+ Kb4 85. Qb1+ Kc4 86. Qc2+ Kd5 87. Qd2+ Kc6 88. Qe2 Qd5+ 89. Kh2 Kb6 90. Qb2+ Kc5 91. Qc3+ Kb5 92. Qb2+ Ka6 93. Qe2+ Kb6 94. Qb2+ Kc7 95. Qc3+ Kd6 96. Qf6+ Kd7 97. Qg7+ Ke8 98. Qg6+ Kf8 99. Qf6+ Ke8 100. Qg6+ Kd7 101. Qg7+ Kc6 102. Qc3+ Kb7 103. Qg7+ Ka6 104. Qf6+ Kb5 105. Qb2+ Kc4 106. Qc2+ Kb5 107. Qb2+ Kc6 108. Qc3+ Qc5 109. Qf6+ Kb7 110. Qf7+ Kc8 111. Qe8+ 1/2-1/2

[Event "GER-ch U10"]
[Site "Willingen"]
[Date "2023.05.30"]
[Round "5"]
[White "Zargaran, Sepas"]
[Black "Chua, Daniel James"]
[Result "1-0"]
[WhiteElo "1540"]
[BlackElo "1433"]
[PlyCount "95"]
[EventDate "2023.05.27"]
[EventType "swiss"]
[EventRounds "11"]
[EventCountry "GER"]
[SourceTitle "CBM 214 Extra"]
[Source "ChessBase"]
[SourceDate "2023.07.31"]
[SourceVersion "1"]
[SourceVersionDate "2023.07.31"]
[SourceQuality "1"]

1. e4 e5 2. Nf3 Nc6 3. Bb5 a6 4. Ba4 Nf6 5. 0-0 Be7 6. Re1 d6 7. c3 Bg4 8. d4 b5 9. Bc2 0-0 10. d5 Nb8 11. h3 Bh5 12. a4 Nbd7 13. b4 h6 14. Qd3 Bxf3 15. Qxf3 Nb6 16. Bd3 Nxa4 17. Be3 Nh7 18. Qe2 Bg5 19. Bxg5 Qxg5 20. c4 Nb6 21. cxb5 axb5 22. Nc3 Nf6 23. Nxb5 Nh5 24. Nxc7 Rac8 25. Nb5 Nf4 26. Qf3 Rcd8 27. Ra6 Nc8 28. g3 Nxh3+ 29. Kh2 Qd2 30. Qe2 Qxe2 31. Rxe2 Ng5 32. f4 Nh7 33. Rc2 Rd7 34. Rcc6 Rb7 35. fxe5 dxe5 36. d6 Nf6 37. Rc7 Rb6 38. Rxb6 Nxb6 39. Rb7 Nfd7 40. Na7 Rb8 41. Rc7 Kf8 42. Bb5 Ke8 43. Nc6 Rc8 44. Nxe5 Rd8 45. Rb7 f6 46. Nc6 Rc8 47. Nb8 Rd8 48. Rxb6 1-0

[Event "GER-ch U10"]
[Site "Willingen"]
[Date "2023.05.29"]
[Round "3"]
[White "Chua, Daniel James"]
[Black "Serwane, Ruben"]
[Result "1-0"]
[WhiteElo "1433"]
[BlackElo "1489"]
[PlyCount "63"]
[EventDate "2023.05.27"]
[EventType "swiss"]
[EventRounds "11"]
[EventCountry "GER"]
[SourceTitle "CBM 214 Extra"]
[Source "ChessBase"]
[SourceDate "2023.07.31"]
[SourceVersion "1"]
[SourceVersionDate "2023.07.31"]
[SourceQuality "1"]

1. e4 e5 2. Nf3 Nc6 3. d4 exd4 4. Nxd4 Bc5 5. Nb3 Bb6 6. Nc3 a5 7. a4 Nb4 8. Bc4 Ne7 9. 0-0 0-0 10. Bg5 Qe8 11. Re1 c6 12. e5 Ng6 13. Ne4 d5 14. exd6 Qd7 15. Bf6 Qf5 16. Nd4 Bxd4 17. Bxd4 Bd7 18. Ra3 Ne5 19. Rg3 Nd5 20. Rg5 Qxg5 21. Nxg5 Nxc4 22. b3 Nxd6 23. Bc5 Rfe8 24. Bxd6 Nc3 25. Qd2 Rxe1+ 26. Qxe1 Nd5 27. h3 Re8 28. Qxa5 Be6 29. Nxe6 fxe6 30. Qa7 Rd8 31. Qxb7 h6 32. a5 1-0

[Event "GER-ch U10"]
[Site "Willingen"]
[Date "2023.05.28"]
[Round "2"]
[White "Haas, Leandro"]
[Black "Chua, Daniel James"]
[Result "0-1"]
[WhiteElo "1337"]
[BlackElo "1433"]
[PlyCount "66"]
[EventDate "2023.05.27"]
[EventType "swiss"]
[EventRounds "11"]
[EventCountry "GER"]
[SourceTitle "CBM 214 Extra"]
[Source "ChessBase"]
[SourceDate "2023.07.31"]
[SourceVersion "1"]
[SourceVersionDate "2023.07.31"]
[SourceQuality "1"]

1. e4 e5 2. Nf3 Nc6 3. Bc4 Bc5 4. c3 Nf6 5. b4 Bb6 6. d3 0-0 7. 0-0 d5 8. exd5 Nxd5 9. Bxd5 Qxd5 10. c4 Qd8 11. c5 Bg4 12. cxb6 Bxf3 13. gxf3 Qd4 14. Qb3 Qxb6 15. a3 Nd4 16. Qd1 f5 17. Kh1 f4 18. Nc3 Qe6 19. Ne2 Nxf3 20. Nxf4 Qc6 21. Ng2 Rf5 22. d4 Rh5 23. h4 Nxh4 24. Qb3+ Kh8 25. d5 Nf3+ 26. Nh4 Rxh4+ 27. Kg2 Qg6+ 28. Kxf3 Qe4+ 29. Kg3 Rg4+ 30. Kh2 Rh4+ 31. Kg3 Qg6+ 32. Kf3 Qe4+ 33. Kg3 Qg4# 0-1

[Event "GER-chT U14"]
[Site "Kelheim"]
[Date "2022.12.27"]
[Round "2"]
[White "Vollbehr, Bjarne"]
[Black "Chua, Daniel James"]
[Result "1-0"]
[WhiteElo "1791"]
[BlackElo "1416"]
[PlyCount "67"]
[EventDate "2022.12.26"]
[EventType "team-swiss"]
[EventRounds "7"]
[EventCountry "GER"]
[SourceTitle "CBM 212 Extra"]
[Source "ChessBase"]
[SourceDate "2023.03.31"]
[SourceVersion "1"]
[SourceVersionDate "2023.03.31"]
[SourceQuality "1"]
[WhiteTeam "Kiel Doppelbauer"]
[BlackTeam "Garching"]
[WhiteTeamCountry "GER"]
[BlackTeamCountry "GER"]

1. d4 Nf6 2. c4 g6 3. Nc3 Bg7 4. e4 d6 5. f3 0-0 6. Be3 e5 7. Nge2 exd4 8. Nxd4 c6 9. Be2 d5 10. e5 Nfd7 11. e6 Ne5 12. cxd5 cxd5 13. e7 Qxe7 14. Nxd5 Qd7 15. Nb5 Na6 16. Rc1 Nc6 17. Qd2 Rd8 18. Rd1 Qe6 19. Bg5 f6 20. Bf4 Rd7 21. 0-0 h5 22. Rfe1 Kh7 23. Bc4 Ne5 24. Bxe5 fxe5 25. Qg5 Qc6 26. b3 Qc5+ 27. Kh1 Nb4 28. Nbc3 b5 29. Ne4 Qc6 30. Nef6+ Bxf6 31. Nxf6+ Kg7 32. Nxh5+ Kf8 33. Qxe5 Qe6 34. Qxe6 1-0

[Event "GER-ch U10"]
[Site "Willingen"]
[Date "2022.06.10"]
[Round "10"]
[White "Rudolph, Simon"]
[Black "Chua, Daniel James"]
[Result "1-0"]
[WhiteElo "1361"]
[BlackElo "1314"]
[PlyCount "159"]
[EventDate "2022.06.04"]
[EventType "swiss"]
[EventRounds "11"]
[EventCountry "GER"]
[SourceTitle "CBM 208 Extra"]
[Source "ChessBase"]
[SourceDate "2022.07.31"]
[SourceVersion "1"]
[SourceVersionDate "2022.07.31"]
[SourceQuality "1"]

1. e4 e5 2. Nf3 Nc6 3. Bb5 Nge7 4. 0-0 g6 5. c3 d6 6. d4 Bd7 7. Bg5 Bg7 8. Nbd2 f6 9. Be3 0-0 10. Bc4+ Kh8 11. d5 Nb8 12. h4 f5 13. exf5 Nxf5 14. Ng5 Nxh4 15. Ne6 Bxe6 16. dxe6 d5 17. e7 Qxe7 18. Bxd5 c6 19. Bb3 Nf5 20. Ne4 Nxe3 21. fxe3 Nd7 22. Rxf8+ Rxf8 23. Qd3 Nc5 24. Nxc5 Qxc5 25. Rf1 Rxf1+ 26. Kxf1 Qe7 27. Qc4 Qf8+ 28. Qf7 Qxf7+ 29. Bxf7 Bh6 30. Ke2 Kg7 31. Bb3 Kf6 32. Kf3 Kf5 33. Bc2+ Kf6 34. Bb3 b6 35. Bc2 a5 36. b3 Bf8 37. a4 Ba3 38. e4 Kg5 39. g4 c5 40. Bd3 Bb2 41. Bc4 Bxc3 42. Kg3 h6 43. Bd5 Be1+ 44. Kf3 Kh4 45. Bc4 Kh3 46. Be6 Kh4 47. Bc4 h5 48. gxh5 gxh5 49. Kg2 Kg4 50. Bd5 h4 51. Kh1 Kf4 52. Kh2 Bg3+ 53. Kh1 Kg4 54. Be6+ Kf3 55. Bd5 Ke3 56. Bc6 Kd3 57. Bd5 c4 58. bxc4 Kc3 59. Bc6 Kxc4 60. Bb5+ Kd4 61. Bc6 b5 62. axb5 Bf4 63. b6 Kc5 64. b7 Kxc6 65. b8Q a4 66. Qe8+ Kc5 67. Qxa4 Bg3 68. Kg2 Bf4 69. Kh3 Bg3 70. Qd1 Kc4 71. Qd5+ Kc3 72. Kg4 Kb4 73. Qc6 Ka5 74. Qb7 Ka4 75. Qb1 Ka5 76. Kf3 Bf4 77. Ke2 h3 78. Kd3 h2 79. Kc4 h1N 80. Qb5# 1-0

[Event "GER-ch U10"]
[Site "Willingen"]
[Date "2022.06.06"]
[Round "3"]
[White "Chua, Daniel James"]
[Black "Sheng, Ming"]
[Result "1/2-1/2"]
[WhiteElo "1314"]
[BlackElo "1330"]
[PlyCount "66"]
[EventDate "2022.06.04"]
[EventType "swiss"]
[EventRounds "11"]
[EventCountry "GER"]
[SourceTitle "CBM 208 Extra"]
[Source "ChessBase"]
[SourceDate "2022.07.31"]
[SourceVersion "1"]
[SourceVersionDate "2022.07.31"]
[SourceQuality "1"]

1. e4 c5 2. d4 cxd4 3. c3 d5 4. exd5 Qxd5 5. cxd4 Nc6 6. Nf3 e5 7. Nc3 Bb4 8. Bd2 Bxc3 9. Bxc3 exd4 10. Nxd4 Nf6 11. Nxc6 Qxc6 12. Bxf6 gxf6 13. Qd4 Qe6+ 14. Be2 Qe5 15. Qd2 Bd7 16. 0-0 0-0-0 17. f4 Qc5+ 18. Kh1 Bc6 19. Qe1 Rde8 20. Rc1 Qe3 21. Bg4+ Kb8 22. Qxe3 Rxe3 23. Bf3 Bxf3 24. Rxf3 Rxf3 25. gxf3 Rd8 26. b3 Rd4 27. Rc4 Rd1+ 28. Kg2 Rd2+ 29. Kg3 Rxa2 30. Re4 Rc2 31. Re7 Rc7 32. Re8+ Rc8 33. Re7 Rc7 1/2-1/2

[Event "Heusenstamm Sparkassen op-B 7th"]
[Site "Heusenstamm"]
[Date "2021.11.21"]
[Round "7.18"]
[White "Spreer, Lutz"]
[Black "Chua, Daniel James"]
[Result "1/2-1/2"]
[WhiteElo "1626"]
[BlackElo "1315"]
[PlyCount "48"]
[EventDate "2021.11.18"]
[EventType "swiss"]
[EventRounds "7"]
[EventCountry "GER"]
[SourceTitle "EXT 2023"]
[Source "ChessBase"]
[SourceDate "2022.10.05"]
[SourceVersion "1"]
[SourceVersionDate "2022.10.05"]
[SourceQuality "1"]

1. e4 e5 2. Nf3 Nc6 3. Bc4 Bc5 4. 0-0 Nf6 5. d4 exd4 6. e5 d5 7. exf6 dxc4 8. fxg7 Rg8 9. Re1+ Be6 10. Ng5 Qf6 11. Nxe6 fxe6 12. Qh5+ Kd7 13. Qxc5 Qxg7 14. g3 Raf8 15. Qxc4 Qf7 16. Bf4 Qxf4 17. Qxe6+ Kd8 18. Qe2 Ne5 19. Nd2 Qxd2 20. Qxe5 Qxf2+ 21. Kh1 Qf3+ 22. Kg1 Qf2+ 23. Kh1 Qf3+ 24. Kg1 Qf2+ 1/2-1/2

[Event "EU-ch Hybrid U08"]
[Site "Tornelo INT"]
[Date "2021.10.15"]
[Round "2"]
[White "Chua, Daniel James"]
[Black "Lampos, Charalampos"]
[Result "1-0"]
[WhiteElo "1385"]
[BlackElo "1165"]
[PlyCount "103"]
[EventDate "2021.10.15"]
[EventType "swiss"]
[EventRounds "9"]
[EventCountry "NET"]
[SourceTitle "EXT 2023"]
[Source "ChessBase"]
[SourceDate "2022.10.05"]
[SourceVersion "1"]
[SourceVersionDate "2022.10.05"]
[SourceQuality "1"]
[WhiteTeam "Germany"]
[BlackTeam "Greece"]
[WhiteTeamCountry "GER"]
[BlackTeamCountry "GRE"]

1. e4 e5 2. Nf3 Nc6 3. Bc4 Bc5 4. c3 Nf6 5. d4 exd4 6. cxd4 Bb4+ 7. Bd2 Nxe4 8. Bxb4 Nxb4 9. Bxf7+ Kxf7 10. Qb3+ Kf8 11. Qxb4+ Qe7 12. Qxe7+ Kxe7 13. Nc3 Nxc3 14. bxc3 Re8 15. 0-0-0 Kf8 16. Rhe1 Rxe1 17. Rxe1 d6 18. d5 Bd7 19. Ng5 h6 20. Nf3 Re8 21. Re3 Bb5 22. Nd4 Bc4 23. Rxe8+ Kxe8 24. Ne6 Kf7 25. Nxc7 Bxa2 26. Kb2 Bc4 27. Ka3 a6 28. Kb4 g5 29. Kxc4 Kf6 30. Kd4 a5 31. c4 a4 32. Nb5 Kf5 33. Nxd6+ Kf4 34. c5 a3 35. Kc3 Ke5 36. Nxb7 Kxd5 37. Kb3 Kc6 38. Nd8+ Kxc5 39. Nf7 Kd4 40. Nxh6 Kd3 41. g4 Ke2 42. Nf7 Kf3 43. h3 Kf4 44. Nxg5 Kxg5 45. Kxa3 Kf4 46. Kb4 Kg5 47. Kc5 Kh4 48. f4 Kxh3 49. g5 Kg4 50. g6 Kf5 51. g7 Kxf4 52. g8Q 1-0

[Event "EU-ch Hybrid U08"]
[Site "Tornelo INT"]
[Date "2021.10.15"]
[Round "4"]
[White "Chua, Daniel James"]
[Black "Novodvorskiy, Dmitriy Al"]
[Result "0-1"]
[WhiteElo "1385"]
[BlackElo "1119"]
[PlyCount "104"]
[EventDate "2021.10.15"]
[EventType "swiss"]
[EventRounds "9"]
[EventCountry "NET"]
[SourceTitle "EXT 2023"]
[Source "ChessBase"]
[SourceDate "2022.10.05"]
[SourceVersion "1"]
[SourceVersionDate "2022.10.05"]
[SourceQuality "1"]
[WhiteTeam "Germany"]
[BlackTeam "Russia"]
[WhiteTeamCountry "GER"]
[BlackTeamCountry "RUS"]

1. e4 c5 2. d4 cxd4 3. c3 dxc3 4. Nxc3 d6 5. Nf3 Nc6 6. Bc4 e6 7. 0-0 Nf6 8. Bf4 a6 9. Qe2 b5 10. Bb3 Be7 11. Rfd1 e5 12. Be3 0-0 13. Rac1 Bb7 14. Bd5 Nxd5 15. Nxd5 f5 16. Bb6 Qd7 17. Rd2 Rac8 18. Bc5 fxe4 19. Qxe4 Kh8 20. Nb6 Qc7 21. Nxc8 Nd4 22. Qg4 Nxf3+ 23. gxf3 Bxc8 24. Qg3 dxc5 25. Kh1 Bb7 26. Rd3 Qc6 27. Rg1 Qf6 28. Re3 Bxf3+ 29. Rxf3 Qxf3+ 30. Qxf3 Rxf3 31. Kg2 Rd3 32. Re1 Bf6 33. Re2 Kg8 34. a3 a5 35. Rc2 c4 36. a4 bxa4 37. Rxc4 Rd4 38. Rc3 Kf7 39. Kf3 e4+ 40. Ke2 Rb4 41. Rc7+ Kg6 42. Ke3 Bxb2 43. Rc5 Bd4+ 44. Kxe4 Bxc5+ 45. Kd3 a3 46. f4 a2 47. f5+ Kg5 48. h4+ Kg4 49. f6 a1Q 50. fxg7 Qd4+ 51. Ke2 Rb2+ 52. Ke1 Qg1# 0-1

[Event "EU-ch Hybrid U08"]
[Site "Tornelo INT"]
[Date "2021.10.15"]
[Round "7"]
[White "Livnansky, Tomas"]
[Black "Chua, Daniel James"]
[Result "0-1"]
[WhiteElo "1260"]
[BlackElo "1385"]
[PlyCount "64"]
[EventDate "2021.10.15"]
[EventType "swiss"]
[EventRounds "9"]
[EventCountry "NET"]
[SourceTitle "EXT 2023"]
[Source "ChessBase"]
[SourceDate "2022.10.05"]
[SourceVersion "1"]
[SourceVersionDate "2022.10.05"]
[SourceQuality "1"]
[WhiteTeam "Slovakia"]
[BlackTeam "Germany"]
[WhiteTeamCountry "SVK"]
[BlackTeamCountry "GER"]

1. e4 e5 2. Nf3 Nc6 3. d4 exd4 4. Nxd4 Bc5 5. Nxc6 Qf6 6. Qe2 Qxc6 7. Nc3 d6 8. Be3 Be6 9. Bxc5 Qxc5 10. Qb5+ Qxb5 11. Nxb5 Kd7 12. Nd4 Nf6 13. Nxe6 Kxe6 14. Bc4+ Kd7 15. f3 Rhf8 16. 0-0-0 Kc6 17. Bd5+ Kb6 18. Rd3 c6 19. Bb3 Rad8 20. Rhd1 Kc7 21. R1d2 Rd7 22. Kd1 Rfd8 23. Ke2 g5 24. e5 Re7 25. Kf2 Rxe5 26. Bxf7 Rf8 27. Bb3 Ne4+ 28. Ke2 Nxd2+ 29. Kxd2 Rfe8 30. Kc3 Re2 31. f4 gxf4 32. Rh3 R8e3+ 0-1

[Event "GER-ch U10"]
[Site "Willingen"]
[Date "2021.08.23"]
[Round "2"]
[White "Chua, Daniel James"]
[Black "Buchinger, Alexis"]
[Result "1/2-1/2"]
[WhiteElo "1434"]
[BlackElo "1578"]
[PlyCount "221"]
[EventDate "2021.08.22"]
[EventType "swiss"]
[EventRounds "11"]
[EventCountry "GER"]
[SourceTitle "EXT 2022"]
[Source "ChessBase"]
[SourceDate "2021.10.06"]
[SourceVersion "1"]
[SourceVersionDate "2021.10.06"]
[SourceQuality "1"]

1. e4 d5 2. exd5 Qxd5 3. Nc3 Qa5 4. d4 Nf6 5. Bd2 Bg4 6. f3 Bf5 7. g4 Bd7 8. Bc4 c6 9. Qe2 Qb6 10. 0-0-0 Qc7 11. Nh3 b5 12. Bb3 a5 13. a4 b4 14. Ne4 h5 15. Bf4 Qb6 16. Nd6+ Kd8 17. Nxf7+ Kc8 18. Nxh8 hxg4 19. fxg4 Bxg4 20. Be6+ Bxe6 21. Qxe6+ Nbd7 22. Ng6 Kb7 23. Nxf8 Rxf8 24. Qxe7 Re8 25. Qxg7 b3 26. Rde1 Rg8 27. Qf7 bxc2 28. Bg5 Rf8 29. Qc4 Rc8 30. Bxf6 Nxf6 31. Qf7+ Ka6 32. Qxf6 Rb8 33. d5 Rc8 34. Re6 Qb4 35. Rxc6+ Kb7 36. Rxc8 Kxc8 37. Qc6+ Kd8 38. Qxc2 Kd7 39. Rd1 Qh4 40. Qc6+ Kd8 41. Rf1 Qe1+ 42. Kc2 Qxf1 43. Qh6 Qc4+ 44. Kd2 Qxd5+ 45. Ke2 Qc4+ 46. Kf3 Qb3+ 47. Qe3 Qxb2 48. Qg5+ Kd7 49. Qxa5 Qb3+ 50. Kg4 Qd1+ 51. Kg3 Qd3+ 52. Kg2 Qe4+ 53. Kf2 Qd4+ 54. Ke2 Qg4+ 55. Ke1 Qxh3 56. Qd5+ Kc8 57. Qg8+ Kb7 58. Qg7+ Kc8 59. Qf8+ Kd7 60. Qf7+ Kd8 61. Qd5+ Kc8 62. Qa8+ Kc7 63. Qa5+ Kc8 64. Qc5+ Kd7 65. Qd5+ Kc8 66. Qc6+ Kd8 67. Qf6+ Kc8 68. Qf8+ Kd7 69. Qg7+ Kc8 70. Qg8+ Kd7 71. Qg7+ Kc8 72. Qf8+ Kd7 73. Qf7+ Kc8 74. Qc4+ Kd7 75. Qf7+ Kc8 76. Qg8+ Kd7 77. Qd5+ Kc8 78. Qc6+ Kd8 79. Qd5+ Kc8 80. Qg8+ Kd7 81. Qg7+ Kc8 82. Qf8+ Kd7 83. Qf7+ Kc8 84. Qe8+ Kc7 85. Qe5+ Kc8 86. Qc5+ Kd7 87. Qa7+ Kc8 88. Qc5+ Kd7 89. Qb5+ Kc8 90. Qa6+ Kd7 91. Qb7+ Kd8 92. Qb8+ Kd7 93. Qa7+ Kc8 94. Qc5+ Kd7 95. Qd5+ Kc8 96. Qa8+ Kd7 97. Qb7+ Kd8 98. Qd5+ Kc8 99. Qg8+ Kd7 100. Qg7+ Kc8 101. Qf8+ Kd7 102. Qf7+ Kc8 103. Qc4+ Kd7 104. Qb5+ Kc8 105. Qc6+ Kd8 106. Qd6+ Kc8 107. Qf8+ Kd7 108. Qg7+ Kc8 109. Qg8+ Kd7 110. Qd5+ Kc8 111. Qc6+ 1/2-1/2

[Event "GER-chT U12"]
[Site "Magdeburg"]
[Date "2021.08.07"]
[Round "6.3"]
[White "Chua, Daniel James"]
[Black "Tibi, Anwar"]
[Result "1-0"]
[WhiteElo "1477"]
[BlackElo "1204"]
[PlyCount "51"]
[EventDate "2021.08.04"]
[EventType "team-swiss"]
[EventRounds "7"]
[EventCountry "GER"]
[SourceTitle "EXT 2022"]
[Source "ChessBase"]
[SourceDate "2021.10.06"]
[SourceVersion "1"]
[SourceVersionDate "2021.10.06"]
[SourceQuality "1"]
[WhiteTeam "Garching"]
[BlackTeam "Godesberg"]
[WhiteTeamCountry "GER"]
[BlackTeamCountry "GER"]

1. e4 e5 2. d4 exd4 3. c3 dxc3 4. Bc4 Bc5 5. Nxc3 Nc6 6. Bxf7+ Kxf7 7. Qd5+ Ke8 8. Qxc5 Qe7 9. Qe3 d6 10. Nd5 Qf7 11. Nf3 h6 12. 0-0 Nge7 13. Nxc7+ Kd8 14. Nxa8 Qg6 15. e5 Bh3 16. Nh4 Qe6 17. Qxh3 Qxe5 18. Be3 a6 19. Bb6+ Ke8 20. Rae1 Qxb2 21. Qc8+ Kf7 22. Qxh8 Qxa2 23. Nc7 Qb3 24. Bd4 Nxd4 25. Qe8+ Kf6 26. Qxe7# 1-0

[Event "GER-ch U18 sf Berlin Online"]
[Site "Playchess.com INT"]
[Date "2020.05.01"]
[Round "8"]
[White "Chua, Daniel James"]
[Black "Kullmann, Max"]
[Result "1-0"]
[WhiteElo "1620"]
[BlackElo "1469"]
[PlyCount "129"]
[EventDate "2020.05.01"]
[EventType "swiss (blitz)"]
[EventRounds "13"]
[EventCountry "GER"]
[SourceTitle "CBM 195 Extra"]
[Source "ChessBase"]
[SourceDate "2020.05.31"]
[SourceVersion "1"]
[SourceVersionDate "2020.05.31"]
[SourceQuality "1"]

1. e4 d5 2. exd5 Qxd5 3. Nc3 Qa5 4. Nf3 c6 5. Bc4 Bf5 6. d3 Nf6 7. Bd2 Qc7 8. 0-0 e6 9. Qe2 Be7 10. Rfe1 0-0 11. Rad1 Bd6 12. d4 Nbd7 13. Bd3 Bxd3 14. Qxd3 Ng4 15. g3 Ngf6 16. Bg5 h6 17. Bxf6 Nxf6 18. Ne2 Nd5 19. Nc3 Rac8 20. Nxd5 cxd5 21. Re2 Rfe8 22. c3 e5 23. dxe5 Bxe5 24. Nxe5 Rxe5 25. Rxe5 Qxe5 26. Qxd5 Qxd5 27. Rxd5 Rc7 28. Kg2 f6 29. Ra5 a6 30. Rf5 Kf7 31. Kf3 g6 32. Rf4 f5 33. Ke2 Re7+ 34. Kd2 Kf6 35. g4 Re5 36. gxf5 Rxf5 37. Rxf5+ Kxf5 38. Ke3 Ke5 39. b3 g5 40. c4 b5 41. cxb5 axb5 42. a4 bxa4 43. bxa4 Kd5 44. Kf3 Kc4 45. Kg4 Kb4 46. Kh5 Kxa4 47. Kxh6 Kb4 48. Kxg5 Kc4 49. h4 Kd5 50. h5 Kd6 51. h6 Ke7 52. Kg6 Kf8 53. f4 Kg8 54. f5 Kh8 55. f6 Kg8 56. f7+ Kf8 57. h7 Ke7 58. h8Q Kd6 59. f8Q+ Kd5 60. Qhg7 Ke4 61. Qge7+ Kd3 62. Qfd8+ Kc4 63. Qec7+ Kb5 64. Qdb8+ Ka6 65. Qca7# 1-0